Dei e templi dell'antico Egitto /

محفوظ في:

المؤلف الرئيسي: Pernigotti, Sergio.

التنسيق: كتاب

اللغة: Italian

منشور في: Imola : La Mandragora, 1996.

سلاسل: Piccola biblioteca di egittologia ; 2.

الموضوعات:

الوسوم: إضافة وسم

لا توجد وسوم, كن أول من يضع وسما على هذه التسجيلة!

رقم الطلب: BL2450 .G6 P47 1996

LEADER 00636nam a2200229Ia 4500
003 OSt
005 20251006091229.0
008 240329s1996 it 000 0 ita d
020 |a 888612323X 
020 |a 9788886123235 
040 |c ARCE Library 
050 4 |a BL2450 .G6 P47 1996 
100 1 |a Pernigotti, Sergio. 
245 1 0 |a Dei e templi dell'antico Egitto /   |c Sergio Pernigotti. 
264 1 |a Imola :   |b La Mandragora,   |c 1996. 
300 |a 108 p. ;   |c 21 cm. 
490 0 |a Piccola biblioteca di egittologia ;   |v 2. 
650 0 |a Gods, Egyptian. 
650 0 |a Temples   |z Egypt. 
901 |a reviewed 
942 |2 lcc  |c BK 
999 |c 57761  |d 57761